BEYAZ ZAMBAKLAR ÜLKESİNDE (Record no. 689287)

MARC details
000 -LEADER
sabit uzunluktaki kontrol alanı 00269nam a2200097Ia 4500
001 - KONTROL NUMARASI
kontrol alanı 689287
005 - EN SON İŞLEMİN TARİH VE ZAMANI
kontrol alanı 20250826161631.0
008 - SABİT-UZUNLUKTA VERİ ÖĞELERİ--GENEL BİLGİ
sabit uzunluktaki kontrol alanı 250824s9999 xx 000 0 und d
245 #0 - ESER / YAZAR
ESER ADI BEYAZ ZAMBAKLAR ÜLKESİNDE
Yazar Adı GRİGORİ PETROV
260 ## - YAYIN, DAĞITIM, VB.
YAYIN EVİ TÜRKİYE İŞ BANKASI YAYINLARI
Holdings
Düşüm durumu Kayıp durumu Hasar Durumu Ödünç verilmez Ana kütüphane Geçerli Kütüphane Edinilen tarih Toplam ödünç verme sayısı Barkod Son görüntüleme tarihi Son ödünç verme tarihi Fiyatın geçerli olmaya başladığı tarih Koha materyal türü
        M. HALİL İBRAHİM HEKİMOĞLU MESLEKİ VE TEKNİK A. L. M. HALİL İBRAHİM HEKİMOĞLU MESLEKİ VE TEKNİK A. L. 24.08.2025 1 1017117 02.03.2026 25.02.2026 26.08.2025 Books